Once again about human rights in the modern world (Record no. 73536)
[ view plain ]
| 000 -LEADER | |
|---|---|
| fixed length control field | 00550nam a22001577a 4500 |
| 005 - DATE AND TIME OF LATEST TRANSACTION | |
| control field | 2011110309419.0 |
| 008 - FIXED-LENGTH DATA ELEMENTS--GENERAL INFORMATION | |
| fixed length control field | 111103t xxu||||| |||| 00| 0 eng d |
| 080 ## - UNIVERSAL DECIMAL CLASSIFICATION NUMBER | |
| Universal Decimal Classification number | 342.7 |
| Item number | MLE |
| 100 ## - MAIN ENTRY--PERSONAL NAME | |
| Personal name | Mlechin, Leonid |
| 245 ## - TITLE STATEMENT | |
| Title | Once again about human rights in the modern world |
| Statement of responsibility, etc | Leonid Mlechin;tr.by Lyudmila Tetskaya |
| 300 ## - PHYSICAL DESCRIPTION | |
| Extent | 80p. |
| 653 ## - INDEX TERM--UNCONTROLLED | |
| Uncontrolled term | Human rights |
| -- | Step children |
| -- | Manslaughter |
| 942 ## - ADDED ENTRY ELEMENTS (KOHA) | |
| item type | Books |
| 260 ## - PUBLICATION, DISTRIBUTION, ETC. (IMPRINT) | |
| Place of publication, distribution, etc | Moscow |
| Name of publisher, distributor, etc | Novosti |
| Date of publication, distribution, etc | 1990 |
| 260 ## - PUBLICATION, DISTRIBUTION, ETC. (IMPRINT) | |
| -- | 17823 |
| Lost status | Source of classification or shelving scheme | Not for loan | Home library | Current library | Shelving location | Date acquired | Total Checkouts | Full call number | Barcode | Date last seen | Price effective from | Koha item type |
|---|---|---|---|---|---|---|---|---|---|---|---|---|
| Universal Decimal Classification | University Library | University Library | General Stacks | 03/11/2011 | 342.7 MLE | G0009700 | 03/11/2011 | 03/11/2011 | Books |
